[Event "World Cities Team KO"]
[Site "Al-Ain UAE"]
[Date "2012.12.26"]
[Round "2.14"]
[White "Tikkanen, Hans"]
[Black "Markus, Robert"]
[Result "0-1"]
[WhiteTitle "GM"]
[BlackTitle "GM"]
[WhiteElo "2575"]
[BlackElo "2619"]
[WhiteTeam "Lund-Linkoping"]
[BlackTeam "Novi Sad"]
[WhiteFideId "1706446"]
[BlackFideId "921637"]
[EventDate "2012.12.22"]

1. d4 Nf6 2. c4 g6 3. Nc3 Bg7 4. e4 d6 5. h3 O-O 6. Be3 e5 7. d5 a5 8. Nf3 Na6
9. g4 Nd7 10. Rg1 Ndc5 11. Qd2 c6 12. dxc6 bxc6 13. O-O-O a4 14. Qxd6 Qa5 15.
Qd2 Be6 16. Bxc5 Nxc5 17. Qc2 Rfb8 18. Be2 Rb7 19. Rd6 a3 20. b3 Nxb3+ 21. axb3
a2 22. Kd2 a1=Q 23. Rxa1 Qxa1 24. Rxc6 Bf8 25. Kd3 Bd7 26. Nxe5 Bxc6 27. Nxc6
Bg7 28. e5 Rd7+ 29. Ke4 Re8 30. b4 Qh1+ 31. f3 Qh2 32. Nd5 Rxe5+ 33. Kd3 Re6 34.
b5 Qg1 35. Kd2 Bh6+ 36. Kc3 Qe1+ 37. Kb3 Rxe2 38. Qc3 Qb1+ 39. Ka3 Ra2# 0-1

[Event "World Cities Team KO"]
[Site "Al-Ain UAE"]
[Date "2012.12.26"]
[Round "2.15"]
[White "Perunovic, Milos"]
[Black "Carlsson, Pontus"]
[Result "1-0"]
[WhiteTitle "GM"]
[BlackTitle "GM"]
[WhiteElo "2614"]
[BlackElo "2518"]
[WhiteTeam "Novi Sad"]
[BlackTeam "Lund-Linkoping"]
[WhiteFideId "921629"]
[BlackFideId "1705814"]
[EventDate "2012.12.22"]

1. e4 c5 2. Nc3 Nc6 3. f4 g6 4. Nf3 Bg7 5. Bb5 Nd4 6. O-O a6 7. Bd3 d6 8. Nxd4
cxd4 9. Ne2 Qb6 10. a4 Nf6 11. a5 Qa7 12. Kh1 O-O 13. c3 e5 14. fxe5 dxe5 15.
cxd4 exd4 16. b3 Re8 17. Bc4 d3 18. Nc3 Be6 19. Qf3 Bxc4 20. bxc4 Kh8 21. Bb2
Nd7 22. Nb5 axb5 23. Bxg7+ Kxg7 24. Qxf7+ Kh8 25. Qxd7 Rad8 26. Qxb5 Re7 27. c5
Qb8 28. Ra3 Red7 29. Qb2+ Kg8 30. h3 Qc7 31. Rb3 Rf7 32. Rxf7 Qxf7 33. Qb1 Qf2
34. Rxb7 1-0

[Event "World Cities Team KO"]
[Site "Al-Ain UAE"]
[Date "2012.12.26"]
[Round "2.16"]
[White "Smith, Axel"]
[Black "Sedlak, Nikola"]
[Result "1/2-1/2"]
[WhiteTitle "IM"]
[BlackTitle "GM"]
[WhiteElo "2484"]
[BlackElo "2572"]
[WhiteTeam "Lund-Linkoping"]
[BlackTeam "Novi Sad"]
[WhiteFideId "1707930"]
[BlackFideId "922900"]
[EventDate "2012.12.22"]

1. e4 e6 2. d4 d5 3. Nc3 dxe4 4. Nxe4 Bd7 5. Nf3 Bc6 6. Bd3 Nd7 7. O-O Bxe4 8.
Bxe4 c6 9. c4 Ngf6 10. Bc2 Bd6 11. b3 O-O 12. Bb2 Qc7 13. Qe2 Rfe8 14. Ne5 Rad8
15. Rad1 Nf8 16. h4 c5 17. dxc5 Bxc5 18. Ng4 Nxg4 19. Qxg4 f5 20. Qe2 Rxd1 21.
Rxd1 Rd8 22. Rxd8 Qxd8 23. Qe5 Qe7 24. g3 Nd7 25. Qc7 Qd6 26. Qxd6 Bxd6 27. f4
a5 28. Kf2 Kf7 29. Kf3 g6 30. Bc3 b6 31. Bd4 Bc5 32. Bc3 Nb8 33. g4 h5 34. gxh5
gxh5 35. Bd1 Kg6 36. Kg3 Nc6 37. Bf3 Nb4 38. Bxb4 axb4 39. Bc6 Kf7 40. Bf3 Kg6
41. Bc6 Kf7 42. Bf3 1/2-1/2

[Event "World Cities Team KO"]
[Site "Al-Ain UAE"]
[Date "2012.12.27"]
[Round "3.3"]
[White "Barsov, Alexei"]
[Black "Tiviakov, Sergei"]
[Result "1/2-1/2"]
[WhiteTitle "GM"]
[BlackTitle "GM"]
[WhiteElo "2510"]
[BlackElo "2663"]
[WhiteTeam "Tashkent"]
[BlackTeam "Hoogeveen"]
[WhiteFideId "14200082"]
[BlackFideId "1008013"]
[EventDate "2012.12.22"]

1. d4 Nf6 2. c4 e6 3. Nc3 Bb4 4. g3 c5 5. Nf3 cxd4 6. Nxd4 O-O 7. Bg2 d5 8. cxd5
Nxd5 9. Bd2 Nxc3 10. bxc3 Be7 11. Rb1 Nd7 12. Bxb7 Bxb7 13. Rxb7 Qc8 14. Rb1 Nb6
15. O-O Nc4 16. Bc1 Rd8 17. Qa4 Nb6 18. Qb3 Bf6 19. Rd1 Qa6 20. Rd3 Na4 21. Ba3
Nxc3 22. Qxc3 Rxd4 23. Rxd4 Bxd4 24. Qxd4 Qxa3 25. Qb4 Qxb4 26. Rxb4 h6 27. Rb7
g5 28. a4 a5 29. Rb5 Kg7 30. g4 Kg6 31. Kg2 f5 32. Rb6 fxg4 33. Rxe6+ Kg7 34.
Re5 Kg6 35. Re6+ Kg7 36. Re5 Kf6 37. Rc5 h5 38. Rc6+ Kf5 39. Rc5+ Kf6 40. Rc6+
Kf5 41. Rc5+ 1/2-1/2

[Event "World Cities Team KO"]
[Site "Al-Ain UAE"]
[Date "2012.12.27"]
[Round "3.4"]
[White "Smeets, Jan"]
[Black "Iuldachev, Saidali"]
[Result "1/2-1/2"]
[WhiteTitle "GM"]
[BlackTitle "GM"]
[WhiteElo "2614"]
[BlackElo "2455"]
[WhiteTeam "Hoogeveen"]
[BlackTeam "Tashkent"]
[WhiteFideId "1007246"]
[BlackFideId "14200104"]
[EventDate "2012.12.22"]

1. e4 e5 2. Nf3 Nc6 3. Bb5 Nf6 4. O-O Nxe4 5. d4 Nd6 6. Bxc6 dxc6 7. dxe5 Nf5 8.
Qxd8+ Kxd8 9. Nc3 Ke8 10. h3 Be7 11. Rd1 h5 12. Bf4 Be6 13. Ng5 Rd8 14. Rxd8+
Bxd8 15. Nxe6 fxe6 16. Rd1 g5 17. Bc1 Rg8 18. Ne4 Be7 19. g3 Rg6 20. Kg2 c5 21.
b3 b6 22. f3 Nh6 23. Kf2 Nf7 24. f4 g4 25. Rh1 Nh6 26. hxg4 hxg4 27. Bb2 Nf7 28.
Kg2 Rh6 29. Rd1 Rg6 30. Rh1 Rh6 31. Re1 Kd7 32. c4 a5 33. Nc3 Rh5 34. Nd1 Nh6
35. Ne3 Ke8 36. Re2 Kf7 37. Rd2 Ke8 38. Bc3 Bd8 39. Ba1 Be7 40. Bb2 Bd8 41. a3
Be7 42. Bc3 Bf8 43. Rb2 Kd7 44. b4 cxb4 45. axb4 axb4 46. Bxb4 c5 47. Be1 Kc7
48. Ra2 Kb8 49. Ra3 Be7 50. Rb3 Kc7 51. Rb1 Kc6 52. Ra1 Kb7 53. Ra2 Kb8 54. Bf2
Bf8 55. Bg1 Be7 56. Ra3 Kb7 57. Nd1 Nf5 58. Nf2 Nh6 59. Kf1 Kb8 60. Rd3 Kc8 61.
Ke2 Kc7 62. Rb3 Kc6 63. Kf1 Kc7 64. Kg2 Kc6 65. Rb1 Kc7 66. Ra1 Kb7 67. Ra2 Kb8
68. Rd2 Kc8 69. Rc2 Kb8 70. Rc1 Kb7 71. Rf1 Kc7 72. Re1 Kc8 73. Re2 Kc7 74. Rb2
Kc6 75. Re2 Kc7 76. Rc2 Kc6 77. Ra2 1/2-1/2

[Event "World Cities Team KO"]
[Site "Al-Ain UAE"]
[Date "2012.12.27"]
[Round "3.5"]
[White "Ivanisevic, Ivan"]
[Black "Safarli, Eltaj"]
[Result "0-1"]
[WhiteTitle "GM"]
[BlackTitle "GM"]
[WhiteElo "2633"]
[BlackElo "2626"]
[WhiteTeam "Novi Sad"]
[BlackTeam "Baku"]
[WhiteFideId "912417"]
[BlackFideId "13402129"]
[EventDate "2012.12.22"]

1. e4 c5 2. Nc3 e6 3. f4 a6 4. Nf3 b5 5. g3 d5 6. Qe2 b4 7. exd5 bxc3 8. dxe6
fxe6 9. Bg2 Nf6 10. bxc3 Bd6 11. Rb1 Ra7 12. Ne5 O-O 13. O-O Re7 14. Ba3 a5 15.
Rxb8 Bxb8 16. Nc6 Qc7 17. Bxc5 Ree8 18. Rb1 Bb7 19. Rxb7 Qxb7 20. Ne7+ Qxe7 21.
Bxe7 Rxe7 22. d4 Ba7 23. Qa6 Nd5 24. Bxd5 exd5 25. Qd6 Re2 26. Qxd5+ Kh8 27. Qf3
Rxc2 28. Qe4 Rxa2 29. Qb1 Re2 30. Kf1 Rxh2 31. Kg1 Rd2 32. Kf1 Rb8 33. Qe4 a4
34. f5 a3 35. f6 gxf6 36. Qf5 Rf8 37. Qa5 a2 38. Qxa7 Rd1+ 0-1

[Event "World Cities Team KO"]
[Site "Al-Ain UAE"]
[Date "2012.12.27"]
[Round "3.7"]
[White "Perunovic, Milos"]
[Black "Mamedov, Rauf"]
[Result "1/2-1/2"]
[WhiteTitle "GM"]
[BlackTitle "GM"]
[WhiteElo "2614"]
[BlackElo "2647"]
[WhiteTeam "Novi Sad"]
[BlackTeam "Baku"]
[WhiteFideId "921629"]
[BlackFideId "13401653"]
[EventDate "2012.12.22"]

1. e4 c5 2. Nc3 Nc6 3. Bb5 Nd4 4. Nf3 Nxb5 5. Nxb5 d6 6. d4 Nf6 7. O-O Bd7 8. a4
a6 9. Nc3 cxd4 10. Qxd4 Bc6 11. Bg5 e6 12. b4 h6 13. Bxf6 Qxf6 14. Qe3 Qd8 15.
Nd5 Be7 16. Nb6 Rb8 17. a5 O-O 18. c4 Re8 19. Rfd1 f5 20. exf5 exf5 21. Qe6+ Kh8
22. Ne5 dxe5 23. Rxd8 Rbxd8 24. Qxf5 Bxb4 25. Nd5 Bc5 26. Rf1 Rf8 27. Qxe5 Rde8
28. Qc3 Re2 29. h3 Rfxf2 30. Rxf2 Rxf2 31. Kh2 Bd6+ 32. Kg1 Bc5 33. Kh2 1/2-1/2

[Event "World Cities Team KO"]
[Site "Al-Ain UAE"]
[Date "2012.12.28"]
[Round "4.2"]
[White "Mamedov, Rauf"]
[Black "Sokolov, Ivan"]
[Result "1/2-1/2"]
[WhiteTitle "GM"]
[BlackTitle "GM"]
[WhiteElo "2647"]
[BlackElo "2667"]
[WhiteTeam "Baku"]
[BlackTeam "Hoogeveen"]
[WhiteFideId "13401653"]
[BlackFideId "14400030"]
[EventDate "2012.12.22"]

1. e4 e5 2. Nf3 Nc6 3. Bb5 a6 4. Ba4 Nf6 5. O-O Be7 6. d3 d6 7. c3 O-O 8. Nbd2
Nd7 9. Re1 Nb6 10. Bb3 Kh8 11. d4 exd4 12. Nxd4 Bg5 13. N2f3 Bxc1 14. Rxc1 Ne5
15. Nxe5 dxe5 16. Nf5 Qf6 17. Ne3 Nd7 18. Qh5 Qg6 19. Qxg6 hxg6 20. Rcd1 a5 21.
Nd5 c6 22. Ne7 Nf6 23. f4 Bg4 24. Rd6 exf4 25. e5 Ng8 26. Nxg8 Kxg8 27. Rxg6 Bf5
28. Rg5 Be6 29. Re4 Bxb3 30. axb3 Rad8 31. Rxf4 Rd1+ 32. Rf1 Rd2 33. Rf2 Rd1+
34. Rf1 Rd2 35. Rf2 Rd1+ 1/2-1/2

[Event "World Cities Team KO"]
[Site "Al-Ain UAE"]
[Date "2012.12.28"]
[Round "4.3"]
[White "Tiviakov, Sergei"]
[Black "Mamedov, Nidjat"]
[Result "1-0"]
[WhiteTitle "GM"]
[BlackTitle "GM"]
[WhiteElo "2663"]
[BlackElo "2602"]
[WhiteTeam "Hoogeveen"]
[BlackTeam "Baku"]
[WhiteFideId "1008013"]
[BlackFideId "13400819"]
[EventDate "2012.12.22"]

1. e4 c5 2. Nf3 e6 3. c3 Nf6 4. e5 Nd5 5. Bc4 d6 6. exd6 Bxd6 7. d4 Nc6 8. dxc5
Bxc5 9. O-O O-O 10. Nbd2 Be7 11. Nb3 b6 12. Bxd5 exd5 13. Nbd4 Nxd4 14. Nxd4 Bf6
15. Be3 Re8 16. Re1 Bxd4 17. Bxd4 Bf5 18. a4 Qd7 19. a5 Rxe1+ 20. Qxe1 Re8 21.
Qd1 Qe6 22. h3 Qg6 23. Qf3 h6 24. Kh2 Be4 25. Qg4 Qxg4 26. hxg4 Rb8 27. axb6
axb6 28. Ra6 b5 29. Rd6 b4 30. f3 bxc3 31. Bxc3 Bc2 32. Rxd5 Bb3 33. Rc5 f6 34.
Rc7 Rb5 35. Kg3 h5 36. gxh5 Rxh5 37. Rb7 Bc4 38. b4 Rd5 39. Rc7 Bb5 40. Kf4 Rd7
41. Rc5 Bf1 42. Kg3 Kf7 43. Kf2 Bd3 44. Ke3 Bf1 45. g4 Re7+ 46. Kf2 Bd3 47. Bd4
Rb7 48. Ke3 Bb5 49. Kd2 Ke6 50. f4 Bf1 51. Kc3 Be2 52. g5 Rb5 53. Rc8 Kf5 54.
Re8 Bf3 55. Be3 Rb7 56. Rc8 Be2 57. Rc5+ Ke4 58. Bd2 Bb5 59. Kb3 Bd7 60. Kc4
Be6+ 61. Kc3 Bd7 62. Rc4+ Kd5 63. Rd4+ Kc6 64. Be3 fxg5 65. fxg5 g6 66. Bf4 Bf5
67. Rd6+ Kb5 68. Rd5+ Kc6 69. Rc5+ Kb6 70. Ra5 Re7 71. Be5 Kc6 72. Bd4 Rc7 73.
Be3 Re7 74. b5+ Kd5 75. Kd2 Rb7 76. Ke2 Be4 77. b6+ Ke6 78. Bd4 Bd5 79. Ke3 Rf7
80. Bf6 Rd7 81. Kf4 Bb7 82. Rc5 Rd5 83. Rc7 Rd7 84. Rc3 Rd5 85. Re3+ Kd7 86.
Re7+ Kc6 87. Rg7 Rf5+ 88. Kg4 Kxb6 89. Bd4+ 1-0

[Event "World Cities Team KO"]
[Site "Al-Ain UAE"]
[Date "2012.12.28"]
[Round "4.4"]
[White "Durarbayli, Vasif"]
[Black "Smeets, Jan"]
[Result "1/2-1/2"]
[WhiteTitle "GM"]
[BlackTitle "GM"]
[WhiteElo "2587"]
[BlackElo "2614"]
[WhiteTeam "Baku"]
[BlackTeam "Hoogeveen"]
[WhiteFideId "13402935"]
[BlackFideId "1007246"]
[EventDate "2012.12.22"]

1. e4 e5 2. Nf3 Nf6 3. d4 Nxe4 4. Bd3 d5 5. Nxe5 Nd7 6. Nxd7 Bxd7 7. O-O Bd6 8.
c4 O-O 9. c5 Be7 10. Nc3 Nxc3 11. bxc3 c6 12. Qh5 g6 13. Qf3 b6 14. cxb6 axb6
15. a4 Bd6 16. h3 Re8 17. Bf4 Qf6 18. Bxd6 Qxd6 19. Rfb1 c5 20. Bb5 Bxb5 21.
axb5 Rxa1 22. Rxa1 cxd4 23. cxd4 Re4 24. g3 Rxd4 25. Qc3 Qe5 26. Re1 Qf6 27.
Re8+ Kg7 28. Qa1 g5 29. Kg2 h6 30. Ra8 Kg6 31. Qc3 Qe5 32. Kh2 Re4 33. Qf3 Kg7
34. Rd8 Rd4 35. Qa3 Kh7 36. Qf8 Qg7 37. Qe7 Re4 38. Qf8 Qxf8 39. Rxf8 Rb4 40.
Rxf7+ Kg6 41. Rf8 Rxb5 42. Kg2 d4 43. Rd8 Rb4 44. Kf3 Kf5 45. Ke2 Rb2+ 46. Kd3
Ke5 47. Re8+ Kd5 48. Rd8+ Kc5 49. Rc8+ Kb4 50. Rc6 b5 51. Rxh6 Rxf2 52. Kxd4 Rf8
53. g4 Rg8 54. Ke5 Kc5 55. Kf6 b4 56. h4 gxh4 57. Rxh4 b3 58. Ke5 1/2-1/2

[Event "World Cities Team KO"]
[Site "Al-Ain UAE"]
[Date "2012.12.28"]
[Round "4.5"]
[White "Ivanisevic, Ivan"]
[Black "Dzhumaev, Marat"]
[Result "1-0"]
[WhiteTitle "GM"]
[BlackTitle "GM"]
[WhiteElo "2633"]
[BlackElo "2530"]
[WhiteTeam "Novi Sad"]
[BlackTeam "Tashkent"]
[WhiteFideId "912417"]
[BlackFideId "14200236"]
[EventDate "2012.12.22"]

1. d4 d6 2. e4 Nf6 3. Nc3 g6 4. f4 Bg7 5. Nf3 O-O 6. e5 Nfd7 7. Bc4 c5 8. e6 Nb6
9. exf7+ Kh8 10. h4 Nxc4 11. h5 Bf5 12. hxg6 Bxg6 13. f5 Bxf5 14. Ng5 Qd7 15.
Qh5 h6 16. Nd5 e5 17. g4 Bxc2 18. O-O Bg6 19. Qxg6 Qxg4+ 20. Kh2 hxg5 21. Bxg5
Nd7 22. Rg1 Qf3 23. Bf6 Qf2+ 24. Rg2 1-0

[Event "World Cities Team KO"]
[Site "Al-Ain UAE"]
[Date "2012.12.28"]
[Round "4.6"]
[White "Kvon, Andrey"]
[Black "Markus, Robert"]
[Result "1/2-1/2"]
[WhiteTitle "IM"]
[BlackTitle "GM"]
[WhiteElo "2501"]
[BlackElo "2619"]
[WhiteTeam "Tashkent"]
[BlackTeam "Novi Sad"]
[WhiteFideId "14201356"]
[BlackFideId "921637"]
[EventDate "2012.12.22"]

1. d4 Nf6 2. c4 g6 3. Nc3 Bg7 4. e4 d6 5. h3 O-O 6. Bg5 Qe8 7. Bd3 e5 8. d5 a5
9. g4 Na6 10. Nge2 c6 11. Ng3 Nc5 12. Bc2 cxd5 13. cxd5 h6 14. Be3 b5 15. a3 Bd7
16. b4 axb4 17. axb4 Na6 18. Rb1 Qe7 19. Qd2 Rfc8 20. Bd3 Rab8 21. Nce2 Nh7 22.
Bxh6 Qh4 23. Be3 Bf6 24. Ng1 Ng5 25. Kf1 Nc7 26. Kg2 Na8 27. Ra1 Bd8 28. f3 f6
29. Bf2 Bb6 30. Ra3 Nf7 31. Nf1 Bxf2 32. Qxf2 Qh6 33. Qe3 Qh4 34. Ra6 f5 35. Ne2
f4 36. Qf2 Qd8 37. Nd2 Nb6 38. Rb1 Na4 39. Ra7 Ra8 40. Rxa8 Rxa8 41. Nb3 Rc8 42.
Na5 Rc7 43. Qe1 Ng5 44. Qd2 Nxf3 45. Kxf3 Qh4 46. Rc1 1/2-1/2

[Event "World Cities Team KO"]
[Site "Al-Ain UAE"]
[Date "2012.12.28"]
[Round "4.7"]
[White "Perunovic, Milos"]
[Black "Barsov, Alexei"]
[Result "1/2-1/2"]
[WhiteTitle "GM"]
[BlackTitle "GM"]
[WhiteElo "2614"]
[BlackElo "2510"]
[WhiteTeam "Novi Sad"]
[BlackTeam "Tashkent"]
[WhiteFideId "921629"]
[BlackFideId "14200082"]
[EventDate "2012.12.22"]

1. e4 e6 2. d4 d5 3. Nc3 Bb4 4. e5 c5 5. a3 Ba5 6. b4 cxd4 7. Nb5 Bc7 8. f4 Bd7
9. Nf3 Bxb5 10. Bxb5+ Nc6 11. O-O Ne7 12. Kh1 a5 13. bxa5 Bxa5 14. Nxd4 O-O 15.
Nf3 Qb6 16. Bd3 g6 17. Qe2 Nf5 18. g4 Nfd4 19. Nxd4 Nxd4 20. Qf2 Nc6 21. Qg3 Bc3
22. Be3 Bd4 23. Rab1 Qc7 24. Bxd4 Nxd4 25. f5 exf5 26. gxf5 Rxa3 27. Qe3 Qxc2
28. Qxd4 Qxd3 29. Qxd3 Rxd3 30. Rxb7 Re3 31. Re7 gxf5 32. Rxf5 d4 33. Rd7 d3 34.
Kg2 Re2+ 35. Kg3 d2 36. Kf3 Rxh2 37. Kg3 Re2 38. Kf3 Rh2 39. Kg3 Re2 40. Kf3 1/2-1/2

[Event "World Cities Team KO"]
[Site "Al-Ain UAE"]
[Date "2012.12.28"]
[Round "4.8"]
[White "Iuldachev, Saidali"]
[Black "Sedlak, Nikola"]
[Result "1-0"]
[WhiteTitle "GM"]
[BlackTitle "GM"]
[WhiteElo "2455"]
[BlackElo "2572"]
[WhiteTeam "Tashkent"]
[BlackTeam "Novi Sad"]
[WhiteFideId "14200104"]
[BlackFideId "922900"]
[EventDate "2012.12.22"]

1. e4 e6 2. d4 d5 3. Nd2 c5 4. exd5 Qxd5 5. Ngf3 cxd4 6. Bc4 Qd7 7. O-O Nc6 8.
Nb3 Nf6 9. Nbxd4 Nxd4 10. Qxd4 Qxd4 11. Nxd4 Bd7 12. Bf4 Rc8 13. Bb3 Bc5 14.
Rad1 O-O 15. c3 Rfd8 16. h3 Be8 17. Be3 Nd5 18. Bg5 Rd6 19. Nf5 exf5 20. Bxd5
Bc6 21. Bxc6 Rcxc6 22. Bf4 Rxd1 23. Rxd1 h6 24. Rd8+ Kh7 25. Rd7 g5 26. Bb8 Rc8
27. Rxf7+ Kg6 28. Rxb7 Rd8 29. g4 Rd1+ 30. Kg2 Rd2 31. gxf5+ Kxf5 32. Rb5 1-0